Rob's shop / (Record no. 298187)
[ view plain ]
| 000 -LEADER | |
|---|---|
| fixed length control field | 00715nam a2200241Ia 4500 |
| 008 - FIXED-LENGTH DATA ELEMENTS--GENERAL INFORMATION | |
| fixed length control field | 160803s9999 xx 000 0 und d |
| 020 ## - INTERNATIONAL STANDARD BOOK NUMBER | |
| International Standard Book Number | 9780590684453 |
| 100 ## - MAIN ENTRY--PERSONAL NAME | |
| Personal name | Schreiber, Anne |
| 245 ## - TITLE STATEMENT | |
| Title | Rob's shop / |
| 245 ## - TITLE STATEMENT | |
| Statement of responsibility, etc | by Anne Schreiber ; illustrated by Cynthia Fisher. |
| 260 ## - PUBLICATION, DISTRIBUTION, ETC. (IMPRINT) | |
| Place of publication, distribution, etc | New York : |
| 260 ## - PUBLICATION, DISTRIBUTION, ETC. (IMPRINT) | |
| Name of publisher, distributor, etc | Scholastic Inc. |
| 260 ## - PUBLICATION, DISTRIBUTION, ETC. (IMPRINT) | |
| Date of publication, distribution, etc | 1999 |
| 300 ## - PHYSICAL DESCRIPTION | |
| Extent | 16 pages : |
| 300 ## - PHYSICAL DESCRIPTION | |
| Other physical details | illustrated (color) ; |
| 300 ## - PHYSICAL DESCRIPTION | |
| Dimensions | 20 cm. |
| 440 ## - SERIES STATEMENT/ADDED ENTRY--TITLE | |
| Title | Scholastic phonics booster books, 15 |
| 500 ## - GENERAL NOTE | |
| General note | "This edition is only available for distribution through the school market"--Page 4 of cover. |
| 650 ## - SUBJECT ADDED ENTRY--TOPICAL TERM | |
| Topical term or geographic name as entry element | Readers (Primary) |
| 650 ## - SUBJECT ADDED ENTRY--TOPICAL TERM | |
| Topical term or geographic name as entry element | Reading -- |
| 650 ## - SUBJECT ADDED ENTRY--TOPICAL TERM | |
| General subdivision | Phonetic method. |
| 700 ## - ADDED ENTRY--PERSONAL NAME | |
| Personal name | BR |
| Withdrawn status | Lost status | Damaged status | Home library | Current library | Shelving location | Date acquired | Total Checkouts | Barcode | Date last seen | Price effective from | Koha item type |
|---|---|---|---|---|---|---|---|---|---|---|---|
| Stonyhurst Southville International School (Batangas) | Stonyhurst Southville International School (Batangas) | Lexiled | 08/03/2016 | SC-113 | 08/03/2016 | 08/03/2016 | Books |